<?xml version="1.0" encoding="UTF-8"?>
<record
    xmlns:xsi="http://www.w3.org/2001/XMLSchema-instance"
    xsi:schemaLocation="http://www.loc.gov/MARC21/slim http://www.loc.gov/standards/marcxml/schema/MARC21slim.xsd"
    xmlns="http://www.loc.gov/MARC21/slim">

  <leader>01294nam a2200145Ia 4500</leader>
  <controlfield tag="008">220216s9999    xx            000 0 und d</controlfield>
  <datafield tag="100" ind1=" " ind2=" ">
    <subfield code="a">Hamzah Ahmad Bin</subfield>
  </datafield>
  <datafield tag="245" ind1=" " ind2="0">
    <subfield code="a">Flow of rubber in an internal mixer</subfield>
  </datafield>
  <datafield tag="260" ind1=" " ind2=" ">
    <subfield code="b">Journal of Natural Rubber Research</subfield>
    <subfield code="c">1987</subfield>
  </datafield>
  <datafield tag="300" ind1=" " ind2=" ">
    <subfield code="a">55-65</subfield>
  </datafield>
  <datafield tag="520" ind1=" " ind2=" ">
    <subfield code="a">Visualisation studies of the dynamics of flow of rubber were undertaken using a laboratory-scale Banbury mixer with a transparent chamber. This technique was developed at the Institute of Polymer Technology, University of Technology, Loughborough under the guidance of Mr. P.K. Freakley. The method proved to ber very informative; the flow pattern could be recorded and its complexity identified. By measuring pressure and the rheologiccal properties of rubber, the stress distribution inside the mixing chamber could be calculated. From the flow patten and stress distribution, the modes of mixing inside the chamber could be identified as follows. Dispersive mixing occurs in the region at and immediately in front of the rotor tips while distributive mixing occurs at the S-shaped and bridge regions. There are also voids in the chamber where no mixing occurs, but the formation of these voids helps to enhance distributive mixing.</subfield>
  </datafield>
  <datafield tag="650" ind1=" " ind2=" ">
    <subfield code="a">Flow pattern</subfield>
  </datafield>
  <datafield tag="650" ind1=" " ind2=" ">
    <subfield code="a">Rubber</subfield>
  </datafield>
  <datafield tag="942" ind1=" " ind2=" ">
    <subfield code="c">JS</subfield>
  </datafield>
  <datafield tag="999" ind1=" " ind2=" ">
    <subfield code="c">59476</subfield>
    <subfield code="d">59476</subfield>
  </datafield>
  <datafield tag="952" ind1=" " ind2=" ">
    <subfield code="0">0</subfield>
    <subfield code="1">0</subfield>
    <subfield code="4">0</subfield>
    <subfield code="7">8</subfield>
    <subfield code="a">MAIN</subfield>
    <subfield code="b">MAIN</subfield>
    <subfield code="c">2</subfield>
    <subfield code="d">2021-12-17</subfield>
    <subfield code="h">Volume 2, Issue 1</subfield>
    <subfield code="l">0</subfield>
    <subfield code="r">2021-12-17 00:00:00</subfield>
    <subfield code="w">2022-02-16</subfield>
    <subfield code="y">JS</subfield>
  </datafield>
</record>
